[Event "Montreal Pere Noel U1500"]
[Site "Montreal"]
[Date "2016.12.30"]
[Round "5.38"]
[White "Chaudari, Prabhas"]
[Black "Fournier, Martin"]
[Result "0-1"]
[WhiteElo "1360"]
[BlackElo "1410"]
[PlyCount "108"]
[EventDate "2016.12.26"]
[EventType "swiss"]
[EventRounds "5"]
[EventCountry "CAN"]
[SourceTitle "EXT 2022"]
[Source "ChessBase"]
[SourceDate "2021.10.06"]
[SourceVersion "1"]
[SourceVersionDate "2021.10.06"]
[SourceQuality "1"]

1. e4 c5 2. d4 cxd4 3. c3 dxc3 4. Nxc3 e5 5. Nf3 d6 6. Bc4 Nf6 7. 0-0 Be7 8. Bg5 0-0 9. Rc1 Nbd7 10. Nb5 Nxe4 11. Bxe7 Qxe7 12. Re1 Ndf6 13. Nc7 Qxc7 14. Bd5 Qb6 15. Bxe4 Nxe4 16. Rxe4 Bf5 17. Rh4 Rac8 18. Rxc8 Rxc8 19. Ng5 Qc5 20. h3 Qc1 21. Qxc1 Rxc1+ 22. Kh2 a5 23. b4 b6 24. bxa5 bxa5 25. Ra4 Rc5 26. Ne4 Bxe4 27. Rxe4 f6 28. Re2 Kf7 29. Kg3 f5 30. f3 Ke6 31. Kf2 g6 32. Rb2 h6 33. g4 fxg4 34. hxg4 h5 35. gxh5 gxh5 36. Kg3 Rc4 37. Rh2 Ra4 38. Rc2 d5 39. Rb2 h4+ 40. Kg2 Kf5 41. Rd2 Rd4 42. Re2 Kf4 43. Rb2 Rd3 44. Rf2 a4 45. Rb2 Rxf3 46. Rb4+ d4 47. Rxa4 Ke3 48. Ra3+ d3 49. Rc3 Rf2+ 50. Kh3 Rxa2 51. Kxh4 Rg2 52. Kh3 Rg7 53. Ra3 e4 54. Rc3 Ke2 0-1